| 000 | 00786nam a22002177a 4500 | ||
|---|---|---|---|
| 999 |
_c11486 _d11486 |
||
| 003 | AR-CdUCM | ||
| 008 | 190305b ||||| |||| 00| 0 spa d | ||
| 040 |
_aMUNICIPALIDAD PROVINCIAL DEL CUSCO _cBIBLIOTECA MUNICIPAL DEL CUSCO |
||
| 041 | _heng | ||
| 082 |
_23ed. _a370 / _bD65 / 1945 |
||
| 100 |
_aDewey, Jhon _99918 |
||
| 245 | _aExperiencia y educación / | ||
| 260 |
_aBuenos Aires : _bLosada, _c1945. |
||
| 300 |
_a125 páginas ; _c19 cm. |
||
| 440 |
_aBiblioteca del Maestro. _n1 _99919 |
||
| 505 | _aContenido: La educación tradicional frente a la educación progresiva - Criterios de experiencia - Organización progresiva de las materias de estudio. | ||
| 650 |
_aEducación _9460 |
||
| 700 |
_aLuzuriaga, Lorenzo (traductor) _99920 |
||
| 942 |
_2ddc _cLIBROS |
||
| 945 | _aacv | ||